Bandaged Moments/ (Record no. 213782)
[ view plain ]
| 000 -LEADER | |
|---|---|
| fixed length control field | 00714nam a22002177a 4500 |
| 005 - DATE AND TIME OF LATEST TRANSACTION | |
| control field | 20251120163210.0 |
| 010 ## - LCCN (DPL NO) | |
| LC control number | ENG-147071 |
| 020 ## - INTERNATIONAL STANDARD BOOK NUMBER | |
| International Standard Book Number | 9788119626151 |
| Terms of availability | 499.00 |
| 035 ## - SYSTEM CONTROL NUMBER | |
| System control number | EN-130603 |
| 037 ## - SOURCE OF ACQUISITION | |
| Source of stock number/acquisition | DBAD |
| Stock number | DPL |
| 082 ## - DEWEY DECIMAL CLASSIFICATION NUMBER | |
| Classification number | S |
| Edition number | 1 |
| 245 ## - TITLE STATEMENT | |
| Title | Bandaged Moments/ |
| Statement of responsibility, etc | Edited By Nabanita Sengupta [and] Nishi Pulugurtha |
| 250 ## - EDITION STATEMENT | |
| Edition statement | 1 |
| 260 ## - PUBLICATION, DISTRIBUTION, ETC. (IMPRINT) | |
| Place of publication, distribution, etc | New Delhi |
| Name of publisher, distributor, etc | Niyogi Books |
| Date of publication, distribution, etc | 2025 |
| 270 ## - ADDRESS | |
| Address | Block D, Building No. 77, Okhla Industrial Area, Phase-I |
| City | New Delhi |
| Postal code | 110020 |
| 300 ## - PHYSICAL DESCRIPTION | |
| Extent | 391p. |
| Dimensions | 20cm(pb) |
| 500 ## - GENERAL NOTE | |
| General note | Stories of Mental Health by Women Writers from Indian Languages |
| 700 ## - ADDED ENTRY--PERSONAL NAME | |
| Personal name | Sengupta, Nabanita |
| Relator term | Editor |
| 9 (RLIN) | 85701 |
| 700 ## - ADDED ENTRY--PERSONAL NAME | |
| Personal name | Pulugurtha, Nishi |
| Relator term | Editor |
| 9 (RLIN) | 85702 |
| 942 ## - ADDED ENTRY ELEMENTS (KOHA) | |
| Source of classification or shelving scheme | Dewey Decimal Classification |
| Item type | English Books |
| Classification part | S |
| Call number suffix | BAN |
| Withdrawn status | Lost status | Not for loan | Collection code | Home library | Current library | Date acquired | Source of acquisition | Cost, normal purchase price | Full call number | Barcode | Copy number | Cost, replacement price | Koha item type |
|---|---|---|---|---|---|---|---|---|---|---|---|---|---|
| Fiction | Mobile Library | Mobile Library | 20/11/2025 | Delivery of Books Act Division | 499.00 | S BAN | EN-130603 | 1 | 499.00 | English Books |
